2025 NFL Draft 1st Round - Statistics

General Stats
  • This quiz has been taken 4,273 times
  • The average score is 21 of 32
Answer Stats
Pick Player Team Position College % Correct
1 Cam Ward Tennessee Titans QB Miami
100%
2 Travis Hunter Jacksonville Jaguars WR/CB Colorado
98%
6 Ashton Jeanty Las Vegas Raiders RB Boise State
95%
3 Abdul Carter New York Giants ED Penn State
93%
4 Will Campbell New England Patriots OT LSU
89%
10 Colston Loveland Chicago Bears TE Michigan
86%
25 Jaxson Dart New York Giants QB Ole Miss
84%
31 Jihaad Campbell Philadelphia Eagles LB Alabama
84%
8 Tetairoa McMillan Carolina Panthers WR Arizona
84%
14 Tyler Warren Indianapolis Colts TE Penn State
83%
5 Mason Graham Cleveland Browns DT Michigan
79%
23 Matthew Golden Green Bay Packers WR Texas
78%
19 Emeka Egbuka Tampa Bay Buccaneers WR Ohio State
75%
22 Omarion Hampton Los Angeles Chargers RB North Carolina
73%
27 Malaki Starks Baltimore Ravens S Georgia
59%
7 Armand Membou New York Jets OT Missouri
58%
11 Mykel Williams San Francisco 49ers ED Georgia
58%
12 Tyler Booker Dallas Cowboys OG Alabama
57%
9 Kelvin Banks Jr. New Orleans Saints OT Texas
56%
28 Tyleik Williams Detroit Lions DT Ohio State
56%
17 Shemar Stewart Cincinnati Bengals ED Texas A&M
55%
15 Jalon Walker Atlanta Falcons LB Georgia
51%
26 James Pearce Jr. Atlanta Falcons ED Tennessee
51%
18 Grey Zabel Seattle Seahawks OG North Dakota State
47%
20 Jahdae Barron Denver Broncos CB Texas
46%
16 Walter Nolen Arizona Cardinals DT Ole Miss
44%
30 Maxwell Hairston Buffalo Bills CB Kentucky
43%
13 Kenneth Grant Miami Dolphins DT Michigan
42%
21 Derrick Harmon Pittsburgh Steelers DT Oregon
41%
32 Josh Simmons Kansas City Chiefs OT Ohio State
39%
24 Donovan Jackson Minnesota Vikings OG Ohio State
33%
29 Josh Conerly Jr. Washington Commanders OT Oregon
30%
No matching quizzes found
Score Distribution
Percent of People with Each Score
Percentile by Number Answered
Your Score History
You have not taken this quiz